PDC World Darts Champions - Statistics

General Stats
  • This quiz has been taken 82 times
    24 since last reset
  • The average score is 28 of 30
Answer Stats
Year Runner-up Winner % Correct
2015 Phil Taylor Gary Anderson
100%
2016 Adrian Lewis Gary Anderson
100%
2014 Peter Wright Michael van Gerwen
100%
2017 Gary Anderson Michael van Gerwen
100%
2019 Michael Smith Michael van Gerwen
100%
1995 Rod Harrington Phil Taylor
100%
1996 Dennis Priestley Phil Taylor
100%
1997 Dennis Priestley Phil Taylor
100%
1998 Dennis Priestley Phil Taylor
100%
1999 Peter Manley Phil Taylor
100%
2000 Dennis Priestley Phil Taylor
100%
2001 John Part Phil Taylor
100%
2002 Peter Manley Phil Taylor
100%
2004 Kevin Painter Phil Taylor
100%
2005 Mark Dudbridge Phil Taylor
100%
2006 Peter Manley Phil Taylor
100%
2009 Raymond van Barneveld Phil Taylor
100%
2010 Simon Whitlock Phil Taylor
100%
2013 Michael van Gerwen Phil Taylor
100%
2020 Michael van Gerwen Peter Wright
96%
2007 Phil Taylor Raymond van Barneveld
96%
2011 Gary Anderson Adrian Lewis
91%
2012 Andy Hamilton Adrian Lewis
91%
2018 Phil Taylor Rob Cross
87%
1994 Phil Taylor Dennis Priestley
83%
2003 Phil Taylor John Part
78%
2008 Kirk Shepherd John Part
78%
2023 Michael van Gerwen Michael Smith
70%
2021 Gary Anderson Gerwyn Price
61%
2022 Michael Smith Peter Wright
43%
No matching quizzes found
Score Distribution
Percent of People with Each Score
Percentile by Number Answered
Your Score History
You have not taken this quiz since the last reset